000 00214nam a2200085Ia 4500
008 120527s9999 xx 000 0 und d
100 _aSeninshans & Gordon
245 _aMalnutrition, learning of behavior
942 _cBK
999 _c27615
_d27615